Statistics for Ultimate Fan Quiz: Only Fools and Horses

Click here to take the quiz!

General Stats

  • This quiz has been taken 565 times
  • The average score is 7 of 17

Answer Stats

HintAnswer% Correct
And which character did they replace at the start of Series 3?Grandad
70%
Who sang the famous opening and closing songs?John Sullivan
68%
The show only started to get good ratings when which series were repeated on the BBC?Series 2
63%
And who did the above play on the show?Uncle Albert
58%
How many actors played Del Boy's son Damien?4
55%
What is the first episode called?Big Brother
54%
In 1999, which famous member of the show died? (actor's name)Buster Merryfield
49%
In Series 1, what colour were the leaflets for 'Trotters Ethnic Tours'?Pink
48%
What type of burger did Grandad want instead of a cheesburger?Emperor burger
47%
What illegal drug caused Rodney to have a criminal record?Marijuana
45%
What is the name of Rodney's biological father?Freddie Robdall
44%
What was Damien's favourite genre of music?Gangsta Rap
41%
In the early 2000s, which British boxer bought one of the original yellow vans for £4,000?Ricky Hatton
26%
Who is commonly believed to actually have sang the songs?Nicholas Lyndhurst
25%
Who produced the show?Ray Butt
13%
Who told Del Boy about the gold Freddie the Frog left/left under the sea?Aunt June
7%
What is the numberplate of the three-wheeled van?DHV 9380
0%

Score Distribution

Percentile by Number Answered

Percent of People with Each Score

Your Score History

You have not taken this quiz